000 00887cam a22002533a 4500
001 32883
003 PGUSA
005 20140828083718.0
008 100618s2010||||xxu|||||s|||||000 | eng d
040 _aPGUSA
_beng
042 _adc
050 4 _aBS
100 1 _aSayce, A. H.
_q(Archibald Henry),
_d1845-1933
245 1 0 _aFresh Light from the Ancient Monuments :
_bA Sketch of the Most Striking Confirmations of the Bible, From Recent Discoveries in Egypt, Palestine, Assyria, Babylonia, Asia Minor
_h[electronic resource] /
_cA. H. Sayce
260 _bProject Gutenberg,
_c2010
506 _aPublic domain in the USA.
516 _aElectronic text
653 _aCuneiform inscriptions
653 _aBible -- Antiquities
653 _aBible -- Evidences, authority, etc.
830 0 _aProject Gutenberg
_v32883
856 4 0 _uhttp://www.gutenberg.org/ebooks/32883
942 _cEB
999 _c262138
_d262138